MCU Characters Quiz - Statistics

General Stats
  • This quiz has been taken 81 times
  • The average score is 105 of 436
Answer Stats
First Appearance Latest Appearance Actor Status Group / Team Description Quotes about/from them Answer % Correct
Iron Man Avengers: Endgame Robert Downey Jr. Deceased The Avengers Superhero who uses an iron suit "Doth Mother know you Weareth her drapes?" Tony Stark (Iron Man)
100%
Captain America: The First Avenger Avengers: Endgame Chris Evans Inactive The Avengers Superhero who uses a vibranium shield "I can do this all day." Steve Rogers (Captain America)
88%
Captain America: The Winter Soldier Captain America: Brave New World Anthony Mackie Active The Avengers Superhero who uses wings to fly "Cap? On your left." Sam Wilson (Falcon / Captain America)
87%
The Incredible Hulk She-Hulk: Attorney at Law Mark Ruffalo Inactive The Avengers Superhero who turns into a big green monster "That's my secret Cap, I'm always angry." Bruce Banner (The Hulk)
85%
Thor Thor: Love and Thunder Chris Hemsworth Inactive The Avengers Superhero who wields a hammer and summons lightning "Damn you, Stark. Point-Break." Thor Odinson
85%
Iron Man 2 Black Widow Scarlet Johansson Deceased The Avengers Superhero that's an ex-assassin "See you in a minute!" Natasha Romanoff (Black Widow)
82%
Thor Hawkeye Jeremy Renner Inactive The Avengers Superhero who uses a bow and arrow "And I've got a bow and arrow, none of this makes sense!" Clint Barton (Hawkeye)
78%
Hawkeye Hawkeye Hailee Steinfeld Active The Young Avengers Protege of an Avenger "So, what's the plan now? Let me guess. We're going to your safe house? Is it in Avengers Tower?" Kate Bishop (Hawkeye)
78%
Iron Man Secret Invasion Don Cheadle Inactive The Avengers Superhero who wears a modified iron suit "Boom! You looking for this?" James Rhodes (War Machine)
75%
Guardians of the Galaxy Guardians of the Galaxy vol. 3 Vin Diesel Active Guardians of the Galaxy Twig "I love you guys." Groot
73%
Guardians of the Galaxy Guardians of the Galaxy Vin Diesel Deceased Guardians of the Galaxy Tree "I am Groot." Groot (OG)
73%
Guardians of the Galaxy Guardians of the Galaxy vol. 3 Zoe Saldana Active Ravagers Deadliest woman in the galaxy "I hate that chair." Gamora
72%
Guardians of the Galaxy Guardians of the Galaxy vol. 3 Dave Bautista Inactive Guardians of the Galaxy Warrior whose family was murdered "Hello, dumb idiots!" Drax the Destroyer
68%
Guardians of the Galaxy Guardians of the Galaxy vol. 3 Bradley Cooper Active Guardians of the Galaxy Animal abducted from Earth and experimented on "That makes you guys the idiots then." Rocket Raccoon
68%
Guardians of the Galaxy vol. 2 Guardians of the Galaxy vol. 3 Pom Klementieff Inactive Guardians of the Galaxy Bug woman with empath abilities "We kick names, and take ass!" Mantis
67%
Guardians of the Galaxy Guardians of the Galaxy vol. 3 Karen Gillan Inactive Guardians of the Galaxy Cyborg rebuilt as a torture method "The options were either him, or a tree." Nebula
67%
The Falcon and The Winter Soldier Captain America: Brave New World Danny Ramirez Active The Avengers Protege of an Avenger with a wing suit "Sometimes there's nothing to do until there's something to do." Joaquin Torres (Falcon)
65%
Avengers: Age of Ultron WandaVision Paul Bettany Deceased The Avengers Robot with an infinity stone in his head "It's alright, I just feel you." Vision
65%
Captain America: The Winter Soldier Doctor Strange in the Multiverse of Madness Elizabeth Olsen Unknown The Avengers Sokovian survivor with the powers of a witch "You took everything from me." Wanda Maximoff (Scarlet Witch)
65%
WandaVision WandaVision Paul Bettany Active N/A Rebuilt version of above "..I request Elaboration." White Vision
65%
Captain Marvel The Marvels Brie Larson Active The Marvels Ex-pilot granted powers by an infinity stone "Hello Peter Parker, you got something for me?" Carol Danvers (Captain Marvel)
63%
Doctor Strange Doctor Strange in the Multiverse of Madness Benedict Cumberbatch Active The Avengers Ex-doctor who got into a car crash and lost use of his hands "If I tell you what happens, it won't happen." Dr. Stephen Strange (Dr. Strange)
63%
Captain America: Civil War Spider-Man: No Way Home Tom Holland Active The Avengers Superhero from Queens who swings from webs "You have a metal arm? That is awesome!" Peter Parker (Spider-Man)
63%
Captain America: The Winter Soldier Avengers: Age of Ultron Aaron Taylor-Johnson Deceased The Avengers Sokovian survivor with super speed "You didn't see that coming?" Pietro Maximoff (Quicksilver)
63%
Captain America: Civil War Avengers: Endgame Chadwick Boseman Deceased The Avengers King of Wakanda who wears a black vibranium suit "Vengeance has consumed you, it's consuming them, I'm done letting it consume me." T'Challa (Black Panther)
63%
Ant-Man Ant-Man and the Wasp: Quantumania Evangeline Lilly Active The Avengers Partner of above with a flying shrinking suit "Because last time you were here you stole something." Hope van Dyne (Wasp)
62%
Shang-Chi and the Legend of the Ten Rings Shang-Chi and the Legend of the Ten Rings Simu Liu Active N/A Son of a villain who stood up to him "After she died we needed you, but you chose those damn rings over us!" Shang-Chi
62%
Black Panther Black Panther: Wakanda Forever Letitia Wright Active Wakanda Former Princess of Wakanda who now wears the mantle of an Avenger "What are those?" Shuri (Black Panther)
62%
Thor Loki Tom Hiddleston Inactive Frost Giants God of Mischief "I am burdened with glorious purpose." Loki
58%
Doctor Strange in the Multiverse of Madness Doctor Strange in the Multiverse of Madness Lashana Lynch Deceased The Illuminati Variant of an Air Force Pilot given powers by an Infinity Stone "Get the hell out of my universe!" Maria Rambeau (Captain Marvel)
58%
Guardians of the Galaxy Guardians of the Galaxy vol. 3 Chris Pratt Inactive Guardians of the Galaxy Superhero abducted from Earth at a young age "For the record, you missed the first time, then you got them both the second time" Peter Quill (Star-Lord)
58%
Moon Knight Moon Knight Oscar Isaac Active N/A Vigilante with D.I.D. "Sorry, what? "The body"? What... "Surrender the body"? What body?" Marc Spector (Moon Knight) Steven Grant (Mr. Knight) Jake Lockley
57%
Ant-Man Ant-Man and the Wasp: Quantumania Paul Rudd Active The Avengers Ex-convict who wears a shrinking suit "Does anybody have any orange slices?" Scott Lang (Ant-Man)
57%
Avengers: Age of Ultron Avengers: Age of Ultron James Spader Deceased N/A Robot developed to save humanity but instead decides to eradicate it "Do you see the beauty of it? The inevitability? You rise, only to fall. You, Avengers, you are my meteor. My swift and terrible sword and the Earth will crack with the weight of your failure." Ultron
57%
Deadpool & Wolverine Deadpool & Wolverine Ryan Reynolds Active X-Force Merc with a mouth "Should we talk about what's haunting you now or wait until a third-act flashback?" Wade Wilson (Deadpool)
57%
Deadpool & Wolverine Deadpool & Wolverine Hugh Jackman Active X-Men Superhero with regeneration and claws "You couldn't even save a relationship with a god-damn stripper!" James "Logan" Howlette (Wolverine)
55%
Ms. Marvel The Marvels Iman Vellani Active The Marvels Young Superhero granted powers by bangles "These bangles traveled through space and time. To find me. I was born for this." Kamala Khan (Ms. Marvel)
55%
Avengers Avengers: Endgame Josh Brolin Deceased N/A The Mad Titan "I am Inevitable." Thanos
55%
Black Widow Thunderbolts* Ogla Kurylenko Deceased The New Avengerz Ex-Assassin who was mind controlled after being blown up "I'm not here for you." Antonia Drekyov (Taskmaster)
53%
Captain America: The First Avenger Thunderbolts* Sebastian Stan Active HYDRA / The New Avengerz Sleeper Agent Assassin used by HYDRA "So maybe he was wrong about you. And if he was wrong about you, then he was wrong about me." James Buchanan Barnes (The Winter Soldier / White Wolf)
53%
Black Widow Thunderbolts* David Harbour Active The New Avengerz Anti-Hero and father of an Avenger "We are the THUNDERBOLTS!" Alexei Shostakov (Red Guardian)
52%
Ant-Man and the Wasp Thunderbolts* Hannah John-Kamen Active The New Avengerz Anti-Hero who phases through things "You're funny. I'm not gonna hurt you, Scott, unless I have to." Ava Starr (Ghost)
52%
She-Hulk: Attorney at Law Daredevil: Born Again Charlie Cox Active N/A Blind Vigilante who is a lawyer in his free time "But you should know, I was also raised to believe in retribution. So if you step out of line, I will be there." Matt Murdock (Daredevil)
50%
Black Panther: Wakanda Forever Ironheart Dominique Thorne Active N/A MIT student who built an iron suit "Your mother protected me like I was one of her own. The least that I could do is try to return the favor." Riri Williams (IronHeart)
50%
Black Widow Thunderbolts* Florence Pugh Active The New Avengerz Ex-Assassin and sister of an Avenger "Daddy I'm so alone!" Yelena Belova
50%
Black Panther Black Panther: Wakanda Forever Michael B. Jordan Deceased Wakanda Supervillain who takes over Wakanda "Just bury me in the ocean with my ancestors who jumped from the ships, because they knew death was better than bondage." Erik Stevens (Killmonger)
48%
Thor: Ragnarok Thor: Ragnarok Cate Blanchett Deceased N/A Ruler of Hel "Whatever game you're playing, it won't work. You can't defeat me." Hela
48%
Fantastic Four: First Steps Fantastic Four: First Steps Joseph Quinn Active The Fantastic Four Brother of above with fire powers "Just kidding, you are out of your depth." Johnny Storm (Human Torch)
48%
Deadpool & Wolverine Deadpool & Wolverine Chris Evans Deceased Fantastic Four Variant of a Fiery Superhero lost to the Void "A megalomaniacal, psychotic asshole. A finger-licking, dead inside pixie slab of third-rate dime store nut milk. And I'll tell you what she can do. She can lick my god damn cinnamon ring clean and kick rocks all the way to bald hell. In fact, I don't give a shit if she removes all my skin and pops me like some nightmarish blood balloon. If the last thing I do in this godforsaken, cum-gutter existence is light that fuck-box on fire, I still won't die happy!" Johnny Storm (Human Torch)
48%
Iron Man The Marvels Samuel L. Jackson Active SHIELD Director of SHIELD who assembled the Avengers "I recognize the council has made a decision, but given that it's a stupid-ass decision, I've elected to ignore it." Nick Fury
48%
Doctor Strange in the Multiverse of Madness Doctor Strange in the Multiverse of Madness John Krasinski Deceased The Illuminati Variant of the Smartest Man Alive "Wanda, stop. You've possessed an innocent woman, but you can still do the right thing. Let her go. Please. I have children of my own. I understand your pain." Reed Richards (Mister Fantastic)
48%
Fantastic Four: First Steps Fantastic Four: First Steps Pedro Pascal Active The Fantastic Four Smartest man alive with stretchy powers "I don't know." Reed Richards (Mr. Fantastic)
48%
The Falcon and The Winter Soldier Thunderbolts* Julia Louis-Dreyfus Active CIA Director of the CIA who tried to make a new Avengers team "Look, you're brought up to believe that there's a good guy and a bad guy, but then eventually you come to realize that there's a bad guy and a worse guy." Valentina Allegra de Fontaine
48%
WandaVision Agatha All Along Kathryn Hahn Deceased N/A Witch out to take other witches power "Did you know there's an entire chapter devoted to you in the Darkhold? That's the book of the damned." Agatha Harkness
47%
Fantastic Four: First Steps Fantastic Four: First Steps Ebon Moss-Bachrach Active The Fantastic Four Rock man "Okay! That is Fantastic!" Ben Grimm (The Thing)
47%
Guardians of the Galaxy vol. 2 Guardians of the Galaxy vol. 2 Kurt Russel Deceased Celestials Living planet who wanted to make the galaxy in his image "It broke my heart to put that tumor in her head." Ego
47%
Thor Thor: Love and Thunder Natalie Portman Deceased N/A Partner of an Avenger who took up his mantle after being diagnosed with cancer "And thirdly, eat my hammer!" Jane Foster (Mighty Thor)
47%
Thor Thor: Ragnarok Anthony Hopkins Deceased Asgard Former ruler of Asgard "Asgard is not a place. Never was. This could be Asgard. Asgard is where our people stand. Even now, right now, those people need your help." Odin
47%
Captain America: Civil War Falcon and The Winter Soldier Daniel Brühl In Custody N/A Sokovian noble out for revenge "An empire toppled by its enemies can rise again. But one which crumbles from within? That's dead. Forever." Baron Zemo
45%
Ant-Man Ant-Man and the Wasp: Quantumania Kathryn Newton Active N/A Daughter of an Avenger "Dad?" Cassie Lang (Stature)
45%
The Falcon and The Winter Soldier Thunderbolts* Wyatt Russel Active The New Avengerz Shield-bearing Anti-Hero who was the successor of an Avenger "I'll have you know I was actually the official Captain America, so..." John Walker (U.S. Agent)
45%
Guardians of the Galaxy Guardians of the Galaxy vol. 3 Sean Gunn Active Guardians of the Galaxy Ex-Ravager who uses his captain's arrow "She's a good dog." Kraglin Obfonteri
45%
Iron Man Avengers: Endgame Gwyneth Paltrow Active Stark Industries CEO of Stark Industries "Tony, look at me. We're going to be okay. You can rest now." Pepper Potts (Rescue)
45%
Doctor Strange She-Hulk: Attorney at Law Benedict Wong Active Kamar-Taj Sorcerer Supreme who got it on a technicality "Do you know it's ancient custom to bow in the presence of the Sorcerer Supreme?" Wong
45%
Guardians of the Galaxy Guardians of the Galaxy vol. 3 Michael Rooker Deceased Ravagers Ravager leader who controls an arrow with his whistle "He may have been your father, boy, but he wasn't your daddy." Yondu
45%
Daredevil: Born Again Daredevil: Born Again Lou Taylor Pucci Deceased N/A Lover of a Mafia boss' wife "This is so fucking crazy. Please tell your husband I– I'm sorry. I didn't know–" Adam
43%
Guardians of the Galaxy Guardians of the Galaxy vol. 3 Maria Bakalova Active Guardians of the Galaxy Dog sent into space by the russians who developed telepathy "I knew you didn't think I was bad dog!" Cosmo the Space-Dog
43%
Captain America: The First Avenger Avengers: Endgame Hugo Weaving Inactive HYDRA Head of HYDRA with a red head "A lifetime ago, I, too, sought the stones. I even held one in my hand. But it cast me out, banished me here, guiding others to a treasure I can not possess." Johann Schmidt (Red Skull)
43%
Spider-Man: Far From Home Spider-Man: No Way Home Jake Gyllenhaal Deceased N/A Supervillain who plays a hero using illusions "People... need to believe. And nowadays... they'll believe anything." Quentin Beck (Mysterio)
43%
Thunderbolts* Thunderbolts* Lewis Pullman Active The New Avengerz Superhero designed by above "have these good days, y'know, where I feel invincible, but then there are a lot of bad days, and I remember that nothing, nothing matters, y'know?" Robert Reynolds (Bob/Sentry/The Void)
43%
Fantastic Four: First Steps Fantastic Four: First Steps Vanessa Kirby Active The Fantastic Four Wife of above with invisibility powers "We can do this, nothing's going to change." Sue Storm (Invisible Woman)
43%
Spider-Man: Homecoming Spider-Man: Homecoming Michael Keaton In Custody N/A Supervillain who uses a wingsuit "Things are never gonna be the same now. I mean, look at this. You got aliens. You got big green guys tearing down buildings. When I was kid, I used to draw cowboys and Indians." Adrian Toomes (The Vulture)
42%
Spider-Man: No Way Home Spider-Man: No Way Home Thomas Haden Church Inactive N/A Supervillain made of sand "Leave it alone. The sooner you guys get through this, the sooner we go home." Flint Marko (Sandman)
42%
Iron Man Avengers: Endgame Gerard Sanders Deceased Stark Industries Father of a Superhero who uses an iron suit "Let me tell you. That kid's not even here yet and, there's nothing I wouldn't do for him." Howard Stark
42%
Spider-Man: No Way Home Spider-Man: No Way Home Willem Dafoe Inactive N/A Supervillain who uses a glider and laughs like a maniac "Poor Peter, too weak to send me home to die." Norman Osborn (Green Goblin)
42%
Guardians of the Galaxy vol. 3 Guardians of the Galaxy vol. 3 Will Poulter Active Guardians of the Galaxy Perfect being born from a cocoon "Of course there's something wrong with me, I've been stabbed!" Adam Warlock
40%
Thor: Ragnarok The Marvels Tessa Thompson Active New Asgard King of New Asgard "You can stand tall without standing alone." Brunnhilde (King Valkyrie)
40%
Deadpool & Wolverine Deadpool & Wolverine Randal Reeder Active N/A Controversial friend of the Merc with a Mouth "Menopause?" Buck
40%
The Incredible Hulk She-Hulk: Attorney at Law Tim Roth Inactive U.S. Army Supervillain who turns into a big ugly green monster "It's not what you've done; it's what you're gonna do. I want what you got out of Banner. I want that." Emil Blonsky (Abomination)
40%
Ant-Man Ant-Man and The Wasp: Quantumania Michael Douglas Active N/A Creator of the Shrinking Suit an Avenger uses "You don’t have many options right now. Quite frankly, neither do I. Why do you think I let you steal that suit in the first place?" Hank Pym (Ant-Man)
40%
Iron Man Spider-Man: No Way Home Jon Fravreu Active Stark Industries Head of Security at Stark Industries "I'll get you all the cheeseburgers you want." Happy Hogan
40%
Thor Avengers: Infinity War Idris Elba Deceased Asgard All-seeing guardian of the Bifrost "Allfathers. Let the dark magic flow through me one last time." Heimdall
40%
Iron Man 2 Iron Man 2 Mickey Rourke Deceased N/A Supervillain who uses whips "The true history of Stark name will be written. What your father did to my family over 40 years, I will do to you in 40 minutes." Ivan Vanko (Whiplash)
40%
Iron Man Avengers: Age of Ultron Paul Bettany Deceased Stark Industries AI helper "The Clean Slate Protocol, sir?" J.A.R.V.I.S.
40%
Hawkeye Echo Alaqua Cox Active Tracksuit Mafia Deaf former Mafia member "I've realized no matter what I do, I can't bring my father back. Finding whoever killed him, that won't change anything." Maya Lopez (Echo)
40%
Captain Marvel The Marvels Teyonah Parris Inactive The Marvels Daughter of an Air Force Pilot with powers "She tore a hole in space-time. There's a different reality bleeding into ours." Monica Rambeau (Photon)
40%
Iron Man Iron Man Jeff Bridges Deceased Stark Industries Supervillain who built a big iron suit "Tony Stark was able to build this in a cave! With a box of scraps!" Obadiah Stane (Iron Monger)
40%
Eternals Eternals Gemma Chan Inactive Eternals Leader of the Eternals who stood up to the Celestials "It's time to put a god to sleep." Sersi
40%
The Incredible Hulk Captain America: Brave New World William Hurt / Harrison Ford In Custody U.S. Army Ex-President of the U.S. who turns into a big red monster "If we are provoked. Barnes would have been eliminated in Romania if it wasn't for Rogers. There are dead people who would be alive now. Feel free to check my math." Thaddeus Ross (Red Hulk)
40%
Ant-Man and the Wasp: Quantumania Ant-Man and the Wasp: Quantumania Johnathan Majors Deceased N/A Conqueror out to stop his variants "Do you know how many rebellions I've put down? How many worlds I've conquered? How many Avengers I've killed?!" Victor Timely (Kang the Conqueror)
40%
Ant-Man Ant-Man and the Wasp: Quantumania Corey Stoll Deceased N/A CEO of a company who builds a shrinking suit and becomes a Supervillain "Sorry, sweetheart, you have to help daddy pay for his mistakes." Darren Cross (Yellowjacket / M.O.D.O.K.)
38%
Spider-Man: Homecoming Spider-Man: No Way Home Zendaya Active N/A Former lover of an Avenger "I just feel like, if you don't expect disappointment, then you can never really be disappointed." Michelle Jones
38%
Doctor Strange Avengers: Endgame Tilda Swanton Deceased Kamar-Taj Former Sorcerer Supreme "Or, I did. Strange was meant to be the best of us." The Ancient One
38%
Eternals Eternals Angelina Jolie Active Eternals Eternal whose memories were wiped "I get confused sometimes." Thena
38%
Hawkeye Daredevil: Born Again Vincent D'Onofrio Active N/A Leader of a Mafia and later New York's Mayor "Find what a person wants, then either withhold it or provide it... and they'll do anything." Wilson Fisk (Kingpin)
38%
Shang-Chi and the Legend of the Ten Rings Shang-Chi and the Legend of the Ten Rings Tony Leung Deceased Ten Rings Immortal wielder of the Ten Rings "I've had many names throughout my life. The Warrior King, Master Khan, the most dangerous man on Earth. For years, I thought that was all I was meant to be. But when I met their mother, everything changed." Xu Wenwu (The Mandarin)
38%
The Incredible Hulk Captain America: Brave New World Liv Tyler Active N/A Former lover of an Avenger "You made him a fugitive to cover your failures and to protect your career. Don't ever speak to me as your daughter again." Betty Ross
37%
Eternals Eternals Richard Madden Deceased Eternals Eternal who betrays the others "I wanted you to leave this world in peace. Without knowing about the Emergence. But I failed." Ikaris
37%
Thor: Ragnarok Thor: Love and Thunder Taika Waititi Active New Asgard Rock person "That's exactly what Doug used to say! See you later, New Doug!" Korg
37%
Thor Thor: Love and Thunder Jaimie Alexander Active Asgard Formidable warrior of Asgard and friend of an Avenger "I've got this completely under control!" Lady Sif
37%
Spider-Man: No Way Home Spider-Man: No Way Home Jamie Foxx Inactive N/A Supervillain with electric powers "So what? Y'all just gonna stand there and act like I ain't butt-ass naked?" Max Dillon (Electro)
37%
Captain America: Civil War Spider-Man: No Way Home Marisa Tomei Deceased N/A Aunt of an Avenger "You have a gift. You have power. And with great power, there must also come great responsibility." May Parker
37%
Spider-Man: Homecoming Spider-Man: No Way Home Jacob Batalon Active N/A Former Guy-in-the-chair of an Avenger "Holy shit! We're all gonna die! There's a spaceship!" Ned Leeds
37%
Captain America: The First Avenger Avengers: Endgame Hayley Atwel Deceased SHIELD Creator of SHIELD "Faster, ladies! Come on! My grandmother has more life in her, God rest her soul. Move it!" Peggy Carter
37%
WandaVision Agatha All Along Joe Locke Active N/A Son of an Avenger turned supervillain "Oh. So that arrest was maybe more of a kidnapping." Billy Maximoff (Wiccan)
35%
Captain America: The Winter Soldier Captain America: Civil War Frank Grillo Deceased HYDRA / STRIKE Head of STRIKE who is also part of HYDRA "He wanted you to know something. He said to me, "Please tell Rogers, when you gotta go, you gotta go." And you're coming with me!" Brock Rumlow (Crossbones)
35%
She-Hulk: Attorney at Law She-Hulk: Attorney at Law Tatiana Maslany Active N/A Cousin of an Avenger given powers by her blood mixing with his "You're using my name to sell your trashy products, and you're suing me?" Jennifer Walters (She-Hulk)
35%
Doctor Strange Doctor Strange in the Multiverse of Madness Chiwetel Ejiofor Active Kamar-Taj Former Sorcerer who thought there were too many Sorcerers "It's the wi-fi password. We're not savages." Karl Mordo
35%
Black Panther Black Panther: Wakanda Forever Danai Gurira Active Wakanda Former leader of the Dora Milaje "Guns. So primitive." Okoye
35%
Spider-Man: No Way Home Spider-Man: No Way Home Alfred Molina Inactive N/A Supervillain with four robotic arms "So this is your plan, Peter? No lab, no facilities, just performing miracles in a condominium? Are you gonna cook up some cures and some frozen burritos in a microwave?" Otto Octavius (Doctor Octopus)
35%
Guardians of the Galaxy Captain Marvel Lee Pace Deceased Kree Empire One of the Kree's Accuser's "Behold! Your Guardians of the Galaxy! What fruit have they wrought? Only that my father and his father shall finally know vengeance." Ronan the Accuser
35%
The Fantastic Four: First Steps The Fantastic Four: First Steps Julia Garner Active N/A Herald of a cosmic entity "Are you the defenders of this world?" Shalla-Bel (The Silver Surfer)
35%
Captain America: The Winter Soldier The Falcon and The Winter Soldier Emily VanCamp Active SHIELD Ex-SHIELD operative who was outcast for helping the Avengers during Civil War "Please. You buy into all that stars and stripes bullshit. Before you were his pet psychopath, you were Mr. America! Cap's best friend." Sharon Carter (The Power Broker)
35%
Eternals Eternals Lia McHugh Inactive Eternals Eternal who looks like a child "Get a room, you two. Can we go now? It’s past my bedtime." Sprite
35%
Captain America: Civil War Captain America: Civil War John Kani Deceased Wakanda Former King of Wakanda killed in a bombing "Our people's blood is spilled on foreign soil. Not only because of the actions of criminals, but by the indifference of those pledged to stop them. Victory at the expense of the innocent, is no victory at all." T'Chaka
35%
The Fantastic Four: First Steps Avengers: Doomsday Robert Downey Jr. Active Latveria Ruler of Latveria N/A Victor Von Doom (Doctor Doom)
35%
Captain America: The Winter Soldier Captain America: The Winter Soldier Robert Redford Deceased HYDRA / SHIELD Head of SHIELD who is also the Head of HYDRA "If you do this, none of your past is going to remain hidden. Are you sure you're ready, for the world to see you as you really are?" Alexander Pierce
33%
Doctor Strange Doctor Strange Benedict Cumberbatch Active N/A Ruler of the dark dimension "You've come to die! Your world is now my world, like all worlds!" Dormammu
33%
Thor Avengers: Endgame Rene Russo Deceased Asgard Wife of above and a powerful witch "Everyone fails at who they are supposed to be, Thor. The measure of a person, of a hero... is how well they succeed at being who they are." Frigga
33%
Eternals Eternals Bill Skarsgård Deceased Deviants Deviant leader who absorbs two Eternals power "I understand now. I can see what she saw. So many planets. So much life destroyed every time a Celestial is born." Kro
33%
Black Panther: Wakanda Forever Black Panther: Wakanda Forever Tenoch Huerta Active Talokan Mutant leader of Talokan with winged feet "Bury your dead. Mourn your losses. You are queen now." K'uk'ulkan (Namor)
33%
Deadpool & Wolverine Deadpool & Wolverine Dafne Keen Active N/A Young clone of a regenerative mutant with claws lost into the Void "You were always the wrong guy." Laura (X-23)
33%
The Avengers Secret Invasion Cobie Smulders Deceased SHIELD Deputy Director of SHIELD "Captain he said a bad language word!" Maria Hill
33%
Doctor Strange in the Multiverse of Madness Doctor Strange in the Multiverse of Madness Hayley Atwell Deceased The Illuminati Variant of the founder of SHIELD who was given the Super Serum "Oh, I could do this all day." Peggy Carter (Captain Carter)
33%
Iron Man Captain Marvel Clark Gregg Deceased SHIELD SHIELD operative who sacrificed himself "It's a vintage set. It took me a couple of years to collect them all. Near mint. Slight foxing around the edges, but..." Phil Coulson
33%
Guardians of the Galaxy vol. 2 Guardians of the Galaxy vol. 2 Chris Sullivan Deceased Ravagers Ravager Mutineer with a ridiculous name "You're the one who killed those men by leading them down the wrong path because you're weak and stupid!" Taserface
33%
Iron Man 3 Iron Man 3 Guy Pearce Deceased A.I.M. Supervillain who developed Extremis "Ooh, is it hot in there? Stuck? Do you feel a little stuck? Like a little turtle, cooking in his little turtle suit?" Aldrich Killian
32%
Captain America: The First Avenger Captain America: The Winter Soldier Toby Jones Deceased HYDRA HYDRA scientist who put himself into a computer "Cut off one head, two more shall take its place." Arnim Zola
32%
Doctor Strange Doctor Strange in the Multiverse of Madness Rachel McAdams Active N/A Doctor that an Avenger used to love "There are other things that can give your life meaning." Christine Palmer
32%
Spider-Man: No Way Home Spider-Man: No Way Home Rhys Ifans Inactive N/A Supervillain trying to turn people into lizards "No way that's his girlfriend, no way." Curt Connors (Lizard)
32%
Thor: Ragnarok Thor: Ragnarok Jeff Goldblum Active Sakaar Ruler of Sakaar who hosted a tournament "Cause I've been a big part of it. Can't have a revolution without somebody to overthrow! So, ah, you're welcome." En Dwi Gast (Grandmaster)
32%
Daredevil: Born Again Daredevil: Born Again Joe Bernthal In Custody N/A Anti-Hero who kills criminals with a skull emblem "Yeah, that guilt, that shame, that's my home, Red. And I can see it on you. I can smell it on you. It's all over you." Frank Castle (The Punisher)
32%
Eternals Eternals Don Lee Deceased Eternals Strongest Eternal "No, hers is nonalcoholic. For kids." Gilgamesh
32%
Thor: Love and Thunder Thor: Love and Thunder Christian Bale Deceased N/A Vengeful wielder of the Necrosword out to kill all gods "This is my vow. All gods will die." Gorr the God Butcher
32%
Thor: The Dark World Thor: The Dark World Christopher Eccleston Deceased Dark Elves Leader of the Dark Elves with a scarred face "No. Asgard is meaningless. The Aether has found its way home." Malekith
32%
Black Panther Black Panther: Wakanda Forever Lupita Nyong'o Active Wakanda Former Lover of the King of Wakanda "It is my duty to fight for who I... for the things I love." Nakia
32%
Thor: Ragnarok Thor: Ragnarok Taika Waititi / Clancy Brown Deceased N/A Fiery giant out to destroy Asgard "Tremble before me, Asgard! I am your reckoning!" Surtur
32%
Eternals Eternals Salma Hayek Deceased Eternals Ex-leader of the Eternals "Get a life." Ajak
30%
Doctor Strange in the Multiverse of Madness She-Hulk: Attorney at Law Xochitl Gomez Active Kamar-Taj Young Superhuman who can travel between dimensions "Rule number one of Multiversal travel, you don't know anything." America Chavez
30%
Guardians of the Galaxy vol. 2 Guardians of the Galaxy vol. 3 Elizabeth Debicki Deceased The Sovereign Ruler of the Sovereign with a grudge against the guardians "You removed Adam from his cocoon early, my liege. He is still a child." Ayesha
30%
Thor Thor: Love and Thunder Kat Dennings Active N/A Intern of above "You know, part of me secretly wanted a guest spot on the show, but seriously, that sucked." Darcy Lewis
30%
The Fantastic Four: First Steps The Fantastic Four: First Steps Ralph Ineson Active N/A Cosmic entity who eats planets N/A Galactus
30%
Ant-Man and the Wasp Ant-Man and the Wasp: Quantumania Randall Park Active FBI Former SHIELD agent who became an FBI operative "Seriously? Yes! Oh. Sorry, Scott. They were your friends. That's insensitive. I just really needed a win, you know? Anyway, I'll be back later for the official end of your sentence. Sorry for misjudging you." Jimmy Woo
30%
Iron Man 2 Iron Man 2 Sam Rockwell In Custody Hammer Industries CEO of a company who hires below "For the record that test pilot survived." Justin Hammer
30%
Eternals Eternals Kumail Nanjiani Inactive Eternals Eternal who took up acting "I got sick of moving every five years. People freak out when they notice that you don't... age". Kingo
30%
Thor Thor Colm Feore Deceased Frost Giants King of the Frost Giants "Why have you come here? To make peace? You long for battle. You crave it. You're nothing but a boy trying to prove himself a man." Laufey
30%
Ant-Man Ant-Man and the Wasp Michael Peña Active N/A Ex-Convict friend of an Avenger "Yeah, my mom died, too. And my dad got deported. But I got the van!" Luis
30%
Eternals Eternals Lauren Ridloff Active Eternals Deaf Eternal N/A Makkari
30%
Black Panther Black Panther: Wakanda Forever Winston Duke Active Wakanda King of Wakanda "You cannot talk! One more word, and I will feed you to my children. I'm kidding. We are vegetarians." M'Baku
30%
Eternals Eternals Brian Tyree Henry Inactive Eternals Eternal who invents things "What has she done? Is that… a sarcophagus in my lab?!" Phastos
30%
Guardians of the Galaxy Avengers: Infinity War Benicio del Toro Active N/A Keeper of a large collection "Magnificent!" Taneleer Tivan (The Collector)
30%
Eternals Eternals Barry Keoghan Active Eternals Eternal with mind-control powers "It must be heartbreaking to find out that you're not mother's favourite." Druig
28%
Thor Thor: Love and Thunder Stellan Skarsgård Active N/A Scientist who assisted the Avengers "I have had a God in my brain. I don't recommend it." Erik Selvig
28%
Avengers: Age of Ultron Avengers: Endgame Kerry Condon Inactive Stark Industries AI used by an Avenger "Life functions critical." F.R.I.D.A.Y.
28%
Guardians of the Galaxy vol. 3 Guardians of the Galaxy vol. 3 Chukwudi Iwuji In Custody Orgocorp Scientist who sees himself as god and experiments to make the perfect species "There is no god, that's why I stepped in!" High Evolutionary
28%
Thor: Ragnarok Thor: Love and Thunder Stephen Murdoch Active New Asgard Bug with blades for hands N/A Miek
28%
Avengers: Endgame Avengers: Endgame Lexi Rabe Active N/A Daughter of an Avenger who likes cheeseburgers "I love you 3000." Morgan Stark
28%
Black Panther Black Panther: Wakanda Forever Angela Bassett Deceased Wakanda Former Queen of Wakanda "I am queen of the most powerful nation in the world, and my entire family is gone! Have I not given everything?" Ramonda
28%
Loki Loki Sophia Di Martino Active N/A Variant of the God of Mischief out to take out the TVA "I'm hedonistic. A lot more than you, I assure you. But never at the expense of the mission." Sylvie Laufeydottir (Lady Loki)
28%
Thor Thor: Ragnarok Ray Stevenson Deceased Warriors Three Asgardian Warrior "Do not mistake my appetite for apathy!" Volstagg
28%
Thor: Love and Thunder Thor: Love and Thunder Russel Crowe Active Council of Godheads Greek God of Thunder "It used to be that being a god, it meant something. People would whisper your name before sharing their deepest hopes and dreams. They begged you for mercy without ever knowing if you were actually listening." Zeus
28%
Black Widow Black Widow Ray Winstone Deceased Red Room Leader of the Red Room "These world leaders, these great men, they answer to me and my Widows." Dreykov
27%
Avengers: Age of Ultron Avengers: Age of Ultron Claudia Kim Active N/A Doctor who developed a synthetic body with an infinity stone in it's head "Unlike you, I don’t have a lot of time for parties. Will Thor be there?" Dr. Helen Cho
27%
Spider-Man: No Way Home Spider-Man: No Way Home Tom Hardy Inactive N/A Anti-Hero with a black alien suit "Now, tell me again about your purple alien that loves stones. 'Cause I'll tell you what, man, aliens, they do not love stones." Eddie Brock (Venom)
27%
Spider-Man: Homecoming Spider-Man: No Way Home Tony Revolori Active N/A Former bully of an Avenger "What? He's just awesome, okay? He protects the neighborhood, and, you know, he's inspiring. He inspires me to be a better man." Flash Thompson
27%
Black Widow Black Widow Jade Xu Active Red Room Assassin who became a fighting in the Gold Daggers club N/A Helen
27%
Thor Thor: Ragnarok Tadanobu Asano Deceased Warriors Three Asgardian Warrior "Go back to whatever chamber you crept out of, you evil demoness!" Hogun
27%
Spider-Man: Far From Home Spider-Man: No Way Home J.K. Simmons Active N/A Reporter for the Daily Bugle "Everything Spider-Man touches comes to ruin. And we, the innocents, are left to pick up the pieces." J. Jonah Jameson
27%
Doctor Strange Doctor Strange Mads Mikkelson Inactive Zealots Follower of above "People think in terms of good and evil, but really, time is the true enemy of us all. Time kills everything." Kaecilius
27%
Captain Marvel The Marvels Lashana Lynch Deceased U.S. Air Force Air Force Pilot and mother of a member of The Marvels "You were my best friend. And you were the most powerful person I knew, way before you could shoot fire from your fists." Maria Rambeau (Photon)
27%
Captain America: Civil War Captain America: Civil War Hope Davis Deceased Stark Industries Mother of an Avenger killed by an Assassin "Be nice, dear, he's been studying abroad." Maria Stark
27%
Loki Loki Tara Strong Active TVA AI of the TVA "Okay, y'all, let's review what we've learned. What happens when a nexus event branches past red line?" Miss Minutes
27%
Captain Marvel Secret Invasion Ben Mendelsohn Deceased Skrulls Skrull who takes the place of the Head of SHIELD for awhile "Uneasy lies the head that wears the crown. Stark said you wouldn't get that because it's not a Star Wars reference." Talos
27%
Iron Man 3 Wonderman Ben Kingsly Active N/A Actor who portrays a Supervillain "Oh-ho, ho ho! Morris, they could see you! You're real! All this time, I thought I was hallucinating him! Oh, this is such fab news!" Trevor Slattery
27%
Avengers: Age of Ultron Black Panther Andy Serkis Deceased N/A Smuggler who smuggles Vibranium "You can scar yourself as much as you like. To them, you'll just be an outsider. Your crazy to think that you can just walk in there. Ahh...and to think I saw you as a crazy American." Ulysses Klaue
27%
Eternals Eternals David Kaye Active Celestials Celestial who casts judgement "You have chosen to sacrifice a Celestial for the people of this planet. I will spare them, but your memories will show if they are worthy to live. And I will return. For judgment." Arishem the Judge
25%
Avengers: Infinity War Avengers: Endgame Tom Vaughan-Lawlor Deceased Black Order Servant to the Mad Titan "Hear me and rejoice! You have had the privilege of being saved by the Great Titan. You may think this is suffering. No... it is salvation." Ebony Maw
25%
Captain America: Civil War Secret Invasion Martin Freeman Active CIA CIA Operative and ally of Wakanda "You're telling me that the king of a Third World country runs around in a bulletproof cat suit?" Everett Ross
25%
Thor Thor: Ragnarok Joshua Dallas Deceased Warriors Three Asgardian Warrior "Perhaps next time you should start with the big one!" Fandral
25%
Thor: Love and Thunder Thor: Love and Thunder Brett Goldstein Active N/A Son of above "Yes, father." Hercules
25%
Avengers: Age of Ultron Hawkeye Linda Cardellini Active N/A Wife of an Avenger "You need to be sure that this team is really a team, and that they have your back. Things are changing for us. In a few months time, you and me are going to be outnumbered. I need... just be sure." Laura Barton
25%
Spider-Man: Homecoming Spider-Man: Homecoming Laura Harrier Active N/A Former lover of an Avenger who is the daughter of a Supervillain "You say that a lot. What are you sorry for this time? The dance? That, um... was a pretty crappy thing to do." Liz Allan
25%
Thor: Love and Thunder Thor: Love and Thunder India Rose Hemsworth Active N/A Daughter of a God-Killer "Fine, I'll wear the boots." Love
25%
Loki Loki Owen Wilson Active TVA TVA worker and friend of the God of Mischief "I have no memory of having my memory wiped." Mobius M. Mobius
25%
Deadpool & Wolverine Deadpool & Wolverine Nilly Cetin Deceased Nova's Henchmen Mutant with spikes on her skin banished to the Void N/A Quill
25%
The Incredible Hulk Captain America: Brave New World Tim Blake Nelson In Custody N/A Vengeful Scientist who had gamma radiation inserted into his brain "Yeah, now we're getting somewhere. That fire in the belly. The rage. Why don't you just let it out?" Samuel Sterns (The Leader)
25%
Thor: The Dark World Thor: The Dark World Adewale Akinnuoye-Agbaje Deceased Dark Elves Brute Dark Elf who is one of the Kursed "Our survival will be your legacy." Algrim (Kurse)
23%
Deadpool & Wolverine Deadpool & Wolverine Emma Corrin Deceased N/A Powerful Mutant cast into The Void "They sent me here before I could walk. And you know, that's the best thing that ever happened to me. I love it here." Cassandra Nova
23%
Avengers: Infinity War Avengers: Endgame Michael Shaw Deceased Black Order Leader of the Black Order "I thought you were formidable, machine. But you're dying, like any man." Corvus Glaive
23%
Iron Man 3 Avengers: Endgame Ty Simpkins Active N/A Kid from Tennessee who assisted an Avenger "My mom already left for the diner and dad went to 7-Eleven to get scratchers. I guess he won because that was six years ago." Harley Keener
23%
Spider-Man: Homecoming Spider-Man: Homecoming Bokeem Woodbine In Custody Vulture's Crew Supervillain who wields shock gauntlets "So, now the assholes who made this mess are getting paid to clean it up." Herman Schultz (Shocker)
23%
Guardians of the Galaxy Guardians of the Galaxy Glenn Close Active Nova Corps Leader of the Nova Corps "On behalf of the Nova Corps, we'd like to express our profound gratitude for your help in saving Xandar." Irani Rael (Nova Prime)
23%
Spider-Man: Homecoming Spider-Man: Homecoming Logan Marshall-Green Deceased Vulture's Crew Ex-Supervillain who used shock gauntlets "Now this is crafted from a reclaimed Sub-Ultron arm, straight from Sokovia." Jackson Brice (Shocker)
23%
The Falcon and The Winter Soldier The Falcon and The Winter Soldier Erin Kellyman Deceased Flag Smashers Leader of the Flag Smashers "One World, One People." Karli Morgenthau (Flag-Smasher)
23%
Avengers: Age of Ultron Hawkeye Imogen Poynton / Isabella Poynton Active N/A Daughter of an Avenger "Who puts mayo on a hotdog?" Lila Barton
23%
Thor: Ragnarok Thor: Ragnarok Karl Urban Deceased Asgard Former Janitor of Asgard who sacrificed himself "For Asgard!" Skurge (The Executioner)
23%
Captain Marvel Captain Marvel Jude Law Active Kree Empire Kree soldier who manipulates a Superhero "I made you the best version of yourself. What's given can be taken away." Yon-Rogg
23%
Captain America: Civil War Black Panther: Wakanda Forever Florence Kasumba Active Wakanda Dora Milaje member "Move. Or you will be moved." Ayo
22%
Doctor Strange in the Multiverse of Madness Doctor Strange in the Multiverse of Madness Anson Mount Deceased The Illuminati King of the Inhumans with a destructive voice N/A Blackagar Boltagon (Black Bolt)
22%
Doctor Strange in the Multiverse of Madness Doctor Strange in the Multiverse of Madness Patrick Stewart Deceased The Illuminati Mutant Telepath "Just because someone stumbles and loses their way, doesn't mean they're lost forever." Charles Xavier (Professor X)
22%
Avengers: Infinity War Avengers: Endgame Terry Notary Deceased Black Order Brutish member of the Black Order N/A Cull Obsidian
22%
Deadpool & Wolverine Deadpool & Wolverine Jennifer Garner Active N/A Acrobatic Vigilante lost into the Void "Maybe these two are our chance to be remembered the way we deserve. An ending." Elektra
22%
Daredevil: Born Again Daredevil: Born Again Elden Henson Deceased Nelson & Murdock Former business partner of a blind lawyer "People have bailed on Matt his whole life, and I'm not gonna be one of 'em. You do what you want, but that's not the kind of friend I wanna be." Foggy Nelson
22%
Moon Knight Moon Knight May Calamawy Active N/A Wife of a Vigilante with D.I.D., Avatar of the Egyptian goddess of Women and Children "I don't steal. They've already been stolen. That's what people forget. I take them off the black market and return them to their rightful owners. I might keep a few to pay the bills." Layla El-Faouly (Scarlet Scarab)
22%
Black Widow Black Widow Rachel Weisz Active Red Room Mother of an Avenger and ex-assassin "Why does a mouse born in a cage run on that little wheel? Do you know I was cycled through the Red Room four times before you were even born?" Melina Vostokoff
22%
Avengers: Age of Ultron Hawkeye Jaiden Stafford Active N/A Youngest son of an Avenger "I-love-you-Dad." Nathaniel Barton
22%
Avengers: Infinity War Avengers: Endgame Carrie Coon Deceased Black Order Lover of Above "He'll pay for his life with yours." Proxima Midnight
22%
Loki Loki Johnathan Majors Deceased TVA Ruler of the TVA "I understand your moral objections to what the TVA does. And my methods are deceptive. But the mission, it never was. Without the me, without the TVA... everything burns." Victor Timely (He Who Remains)
22%
Captain America: The First Avenger Captain America: The First Avenger Stanley Tucci Deceased N/A Doctor who created the Super Serum "No. I don't have procedure tomorrow. Drink it after? Drink it now." Abraham Erskine
20%
Daredevil: Born Again Daredevil: Born Again Wilson Bethel Active N/A Ex-FBI member who can throw anything with pin-point accuracy "I'm drowning in deep water and I don't know whether I'm swimming through the surface or the bottom." Benjamin Pointdexter (Bullseye)
20%
Ant-Man and the Wasp Ant-Man and the Wasp Laurence Fishburne Active SHIELD Former SHIELD scientist who helps an Anti-Hero "Don't condescend, Hank. You're the one who's on the run from the FBI. All because you had to grow to a size that finally fit your ego." Bill Foster
20%
Loki Loki Richard E. Grant Deceased N/A Variant of the God of Mischief that sacrifices himself "We lie and we cheat, we cut the throat of every person who trusts us, and for what? Power. Glorious power. Glorious purpose!" Classic Loki
20%
Deadpool & Wolverine Deadpool & Wolverine Brianna Hildebrand Active X-Men Mutant with explosive abilities "It's a toupée." Ellie Phimster (Negasonic Teenage Warhead)
20%
Deadpool & Wolverine Deadpool & Wolverine Wesley Snipes Active N/A Vampire hunter lost into the Void "Legacy." Eric Brooks (Blade)
20%
Deadpool & Wolverine Deadpool & Wolverine Aaron Stanford Deceased Nova's Henchmen Mutant with fire powers banished to the Void "You have no idea what it's like. Day after day, shovel the shit, 'fetch the meats!' I have spent my entire exis–!" John Allerdyce (Pyro)
20%
Doctor Strange in the Multiverse of Madness Doctor Strange in the Multiverse of Madness Chiwetel Ejiofor Active The Illuminati Variant of a Sorcerer who became Sorcerer Supreme "I'm ready... to cast my vote now. DIE!" Karl Mordo (Baron Mordo)
20%
The Falcon and The Winter Soldier The Falcon and The Winter Soldier Clé Bennett Deceased U.S. Army Member of the U.S. Army who became a Superhero and sidekick to an Avenger's successor "Star-spangled man with a plan and all that. It's always been in the job description. Listen, this suit, it comes with expectations, brother." Lemar Hoskins (Battlestar)
20%
Deadpool & Wolverine Deadpool & Wolverine Curtis Rowland Small Deceased Nova's Henchmen Criminal with pin-point accuracy banished to the Void N/A Lester (Bullseye)
20%
Captain Marvel Captain Marvel Annette Bening Deceased U.S. Air Force Kree Radicalist who pretended to be an Air Force Pilot "This isn't about fighting wars. It's about ending them." Mar-Vell
20%
Loki Loki Gugu Mbathu-Raw Unknown TVA Judge in the TVA "Free will? Only one person gets free will. The one in charge." Ravonna Renslayer
20%
Deadpool & Wolverine Avengers: Doomsday Channing Tatum Active X-Men Mutant who uses cards and a staff lost into the Void "Maybe I was born here, it's hard to know for sure." Remy LeBeua (Gambit)
20%
Agatha All Along Agatha All Along Aubrey Plaza Active N/A Cosmic entity and the embodiment of Death "The worst of them. The Salem Seven. I expect you'll see them at sundown." Rio Vidal (Green Witch/Death)
20%
Iron Man 2 Captain America: The Winter Soldier Garry Shandling In Custody HYDRA Pennsylvania Senator who was a covert member of HYDRA "Funny how annoying a little prick can be." Senator Stern
20%
Moon Knight Moon Knight Ethan Hawke Deceased N/A Avatar of an Egyptian god of judgement "It's maddening, isn't it? The voice in your head. Relentless, forever unsatisfied. No matter how hard you try to please, it devours you until there's nothing left but a hollow shell." Arthur Harrow
18%
Spider-Man: Homecoming Spider-Man: No Way Home Angouri Rice Active N/A Daily Bugle intern "Now see, for me it would be... F Thor, marry Iron Man, and kill Hulk." Betty Brant
18%
Doctor Strange in the Multiverse of Madness Doctor Strange in the Multiverse of Madness Charlize Theron Active N/A Niece of the ruler of the Dark Dimension "You caused an incursion, and we're gonna fix it. Unless you're afraid." Clea
18%
Ant-Man Ant-Man and the Wasp T.I. Active N/A Ex-Convict friend of an Avenger "Wait, everybody just kick back and relax a little bit, man. We know our business." Dave
18%
Hawkeye Hawkeye Vera Farmiga In Custody N/A Mother of an Avenger's protege working with a mafia "Sometimes, the paths we're on, they wind around in ways we never would have expected." Eleanor Bishop
18%
Daredevil: Born Again Daredevil: Born Again Kamar de los Reyes Deceased N/A Vigilante put on trial for the death of a police officer "Let them. The people need a hero. I'm out there every night, putting my life on the line for them." Hector Ayala (White Tiger)
18%
Loki Deadpool & Wolverine Wunmi Mosaku Active TVA Hunter in the TVA "On behalf of the Time Variance Authority, I hereby arrest you for crimes against the Sacred Timeline." Hunter B-15
18%
Hawkeye Daredevil: Born Again Tony Dalton In Custody N/A Socialite and Vigilante who wields a sword "Underestimate the people in this room at your own peril. They may not use garrotes or cement shoes. One phone call to the right person, and well... Bye-bye." Jack Duquesne (Swordsman)
18%
Daredevil: Born Again Daredevil: Born Again Deborah Ann Woll Active Nelson & Murdock Former office manager for a blind lawyer "We are all lonely. I sometimes think that is all life is, we're just... we're just fighting not to be alone." Karen Page
18%
Moon Knight Moon Knight Oscar Isaac Active Ennead Council Egyptian god of the Moon "Go back to sleep, worm." Khonshu
18%
Spider-Man: Homecoming Spider-Man: Brand New Day Michael Mando In Custody N/A Criminal who tried to buy weapons on a ferry "Relax. This? It's not on you. It's on our, uh... little spider friend. I've got some boys on the outside who would love to meet him." Mac Gargan (Scorpion)
18%
Captain Marvel Captain Marvel Gemma Chan Deceased Kree Empire Kree sniper "No, I just never liked you." Minn-Erva
18%
Deadpool & Wolverine Deadpool & Wolverine Matthew Macfayden In Custody TVA TVA operative who tried to use a Time-Ripper without permission "You've been chosen for a higher purpose." Mr. Paradox
18%
Black Panther: Wakanda Forever Black Panther: Wakanda Forever Mabel Cadena Active Talokan Talokan Warrior who idolized the Talokan Ruler "I looked forward to fighting alongside you my entire life... The thought of you kneeling to the Wakandans..." Namora
18%
Spider-Man: Homecoming Spider-Man: Homecoming Michael Chernus Active Vulture's Crew Supervillain who makes weapons with alien technology "We could have made some pretty cool stuff with all that alien junk." Phineas Mason (Tinkerer)
18%
Deadpool & Wolverine Deadpool & Wolverine Stefan Kapičić Active X-Men Mutant with steel skin "The adventure of life." Piotr Rasputin (Colossus)
18%
Ant-Man and the Wasp Ant-Man and the Wasp Walton Goggins In Custody N/A Black market criminal who wants to sell shrinking technology "You can go. But, I'm afraid your money's gonna have to remain. Let's call it compensation for my injured feelings." Sonny Burch
18%
Guardians of the Galaxy vol. 2 Guardians of the Galaxy vol. 3 Sylvester Stallone Active Ravagers Ravager Leader "You may dress like us, but you'll never hear the horns of freedom when you die, and the colors of Ogord will never flash over your grave." Stakar Ogord (Starhawk)
18%
Eternals Eternals N/A Deceased Celestials Celestial buried within the Earth N/A Tiamut the Communicator
18%
Deadpool & Wolverine Deadpool & Wolverine Shiola Kutsuna Active X-Men Mutant with electric abilities "Hi, Wade." Yukio
18%
Black Panther: Wakanda Forever Black Panther: Wakanda Forever Alex Livinalli Active Talokan Talokan Warrior "You speak the mother tongue? You can greet your ancestors with it..." Attuma
17%
Avengers: Age of Ultron Hawkeye Ben Sakamoto Active N/A Oldest son of an Avenger "I may be an idiot, but I've got seniority." Cooper Barton
17%
The Marvels The Marvels Zawe Ashton Deceased Kree Empire Kree Radicalist out to harness the power of the bangles "If my life is the cost, so be it." Dar-Benn
17%
Captain America: The First Avenger Captain America: The First Avenger Neal McDonough Unknown Howling Commandos Commander of the Howling Commandos with a killer stache "You know, Fritz, one of these days I'll have a stick of my own." Dum Dum Dugan
17%
Avengers: Infinity War Avengers: Infinity War Peter Dinklage Active Nidavellir King of Nidavellir who forged the Infinity Gauntlet You were supposed to protect us. Asgard was supposed to protect us!" Eitri
17%
Guardians of the Galaxy vol. 3 Guardians of the Galaxy vol. 3 Mikaela Hoover Deceased N/A Rabbit with robotic spider legs "Me, Rocket, leave! Hooray time forever!" Floor
17%
Secret Invasion Secret Invasion Kingsley Bin-Adir Deceased Skrull Resistance Leader of the Skrull Resistance "We go tomorrow and we don't stop until Earth is ours." Gravik
17%
Iron Man Iron Man Shaun Toub Deceased N/A Doctor who sacrificed himself "Don't waste it." Ho Yinsen
17%
Deadpool & Wolverine Deadpool & Wolverine Billy Clements Deceased Nova's Henchmen Mercenary banished to the Void N/A Ivan (The Russian)
17%
Shang-Chi and the Legend of the Ten Rings Shang-Chi and the Legend of the Ten Rings Awkwafina Active Ta Lo Friend of a Superhero who helped him fight his dad "I'd only learned how to shoot a bow, like, a day earlier; now I'm on a battlefield killing all these Soul Suckers with Shaun's aunty." Katy Chen
17%
Loki Loki Jack Veal Inactive N/A Variant of the God of Mischief who killed the God of Thunder "Whenever one of us dares try to fix themselves, the TVA sends us here to die." Kid Loki
17%
Guardians of the Galaxy Captain Marvel Djimon Hounsou Deceased Kree Empire Cybernetically enhanced Kree Soldier who is killed in the Battle of Xandar "Who?" Korath the Pursuer
17%
Hawkeye Hawkeye Jolt Active N/A Dog adopted by an Avenger's protege N/A Lucky the Pizza Dog
17%
She-Hulk: Attorney at Law She-Hulk: Attorney at Law Jameela Jamil Active N/A Superpowered influencer "You don't get to ruin everything for me for something you don't even want. Something you don't even deserve." Mary MacPherran (Titania)
17%
Iron Man 3 Iron Man 3 Rebecca Hall Deceased A.I.M. Genetic Scientist who developed Extremis "See, we all begin wide-eyed. Pure science. And then the ego steps in, the obsession. And you look up... you're a long way from shore." Maya Hansen
17%
Guardians of the Galaxy vol. 3 Guardians of the Galaxy vol. 3 Kai Zen Active Guardians of the Galaxy Child experiment freed by the Guardians "Hm, Taylor Swift and.. Korn!" Phyla
17%
Captain Marvel Captain Marvel Annette Bening Deceased Kree Empire Leader of the Kree "Perhaps this is a mercy, sparing you from a deeper pain." Supreme Intelligence
17%
Thor: Ragnarok Thor: Ragnarok Rachel House Deceased Sakaar Personal guard of above "Oh, sorry. The prisoners with jobs have armed themselves." Topaz
17%
Deadpool & Wolverine Deadpool & Wolverine Tyler Mane Deceased Nova's Henchmen Mutant with animalistic abilities banished to the Void N/A Victor Creed (Sabretooth)
17%
Black Panther Black Panther Daniel Kaluuya Alive Wakanda Former leader of the Wakandan Border Tribe who betrayed Wakanda "You would kill me, my love?" W'Kabi
17%
Black Panther Black Panther Forest Whitaker Deceased Wakanda Shaman of Wakanda "I am the cause of your father's death. Not him. Take me." Zuri
17%
Spider-Man: Homecoming Spider-Man: Homecoming Donald Glover Active N/A Criminal who tried to buy weapons from above "The other night, you told that dude, 'if you're gonna shoot somebody, shoot me.' It's pretty ballsy. I don't want those weapons in this neighborhood. I got a nephew who live here." Aaron Davis (Prowler)
15%
Deadpool & Wolverine Deadpool & Wolverine Aaron W. Reed Deceased Nova's Henchmen Mutant who wears a helmet to keep out telepaths banished to the Void "I'd keep your voices down. She don't like the chatter." Cain Marko (Juggernaut)
15%
Captain Marvel Secret Invasion Emilia Clarke Active Skrull Resistance Skrull and daughter of the Skrull that impersonates the Director of SHIELD "I don't need your sorrow or pity for anything I did of my own free will." G'iah
15%
The Falcon and The Winter Soldier Captain America: Brave New World Carl Lumbly Active U.S. Army Former Soldier and Super Serum recipient who was imprisoned. "They were worried my story might get out. So, they erased me. My history. But they've been doing that for five hundred years." Isaiah Bradley
15%
Hawkeye Hawkeye Fra Fee Deceased Tracksuit Mafia Friend of above who betrayed her "This is my life, Maya. My life! It was never supposed to be yours!" Kazi Kazimierczak
15%
Ant-Man Ant-Man and the Wasp David Dastmalchian Active N/A Ex-Convict friend of an Avenger "Now, look. This is gonna get weird, all right? It's pretty freaky, but it's safe. There's no reason to be scared." Kurt
15%
Ant-Man Ant-Man and The Wasp Judy Greer Active N/A An Avenger's Ex-Wife "You're her hero, Scott. Just... be the person she already thinks you are." Maggie Lang
15%
Guardians of the Galaxy Guardians of the Galaxy vol. 2 Laura Haddock Deceased N/A Mother of a Guardian who died from cancer "I can't believe I fell in love with a space man." Meredith Quill
15%
Deadpool & Wolverine Deadpool & Wolverine Daniel Medina Ramos Deceased Nova's Henchmen Mutant with frog-like abilities banished to the Void N/A Mortimer Toynbee (Toad)
15%
WandaVision Agatha All Along Debra Jo Rupp Deceased Westview Westview citizen who tried to become a witch "So, where did you two move from? What brought you here? How long have you been married? And why don't you have children yet?" Sharon Davis (Mrs. Hart)
15%
Guardians of the Galaxy vol. 3 Guardians of the Galaxy vol. 3 Asim Chaudhrey Deceased N/A Walrus with wheelchair legs "Because although we all do have them, mine are definitely the most prominent." Teefs
15%
The Avengers Guardians of the Galaxy Alexis Denisof Deceased Chitauri Personal servant to The Mad Titan "The Tesseract has awakened. It is on a little world, a human world. They would wield its power, but our ally knows its workings as they never will. He is ready to lead, and our force, our Chitauri, will follow." The Other
15%
Shang-Chi and the Legend of the Ten Rings Shang-Chi and the Legend of the Ten Rings Meng'er Zhang Active Ten Rings Sister of a Superhero who helped fight their dad before taking his empire "If my dad won't let me into his empire, I'm gonna build my own." Xu Xialing
15%
Ms. Marvel The Marvels Saagar Shaikh Active N/A Son of above "No, no, they're clearly working together. Look at her face. Look at her smile." Aamir Khan
13%
Black Panther: Wakanda Forever Black Panther: Wakanda Forever Michaela Coel Active Wakanda Former combat instructor for the Dora Milaje "If so, hey, let us take as many of them as we can." Aneka
13%
Captain America: The Winter Soldier Avengers: Age of Ultron Thomas Kretschmann Deceased HYDRA HYDRA Leader who gains access to an Infinity Stone and experiments with it "No surrender! I'm going to surrender." Baron Von Strucker
13%
Loki Loki DeObia Oparai Inactive N/A Variant of the God of Mischief who betrays the others "So, after I vanquished Captain America and Iron Man, I claimed my prize. All six Infinity Stones." Boastful Loki
13%
Thor: The Dark World Guardians of the Galaxy Ophelia Lovibond Deceased N/A Slave of above "I will no longer be your slave!" Carina
13%
The Fantastic Four: First Steps The Fantastic Four: First Steps Matthew Wood Active Fantastic Four Robot assistant to the smartest man alive N/A H.E.R.B.I.E.
13%
Guardians of the Galaxy Guardians of the Galaxy vol. 3 Gregg Henry Active N/A Grandfather of a Guardian and father of above "Pete." Jason Quill
13%
Ant-Man Ant-Man and The Wasp Bobby Cannavale Active Police Police Officer married to an Avenger's ex-wife "Can’t be sending Cassie’s dad back to jail on a technical glitch, right?" Jim Paxton
13%
Shang-Chi and the Legend of the Ten Rings Shang-Chi and the Legend of the Ten Rings Florian Munteanu Active Ten Rings Adopted son to the Ten Rings Wielder who has a blade on his arm "Your father took me in and gave me a home and a purpose." Mattias (Razor Fist)
13%
Black Panther Black Panther Sterling K. Brown Deceased Wakanda Father of a Supervillain who was killed by his brother "All over the planet our people suffer because they don't have the tools to fight back. With Vibranium weapons they can overthrow every country and Wakanda can rule them all the right way." N'Jobu
13%
Moon Knight Moon Knight May Calamawy Active Ennead Council Egyptian goddess of women and children "It's been a minute since we've had a soul pass through here. Bit distracted... Excuse me. A-ha! Okay, here we go. Welcome, gentle traveler... Travelers... to the realm of the Duat." Taweret
13%
WandaVision WandaVision Josh Stamberg In Custody SWORD High ranking member of SWORD who wants to make AI sentient weapons "Maximoff was never gonna negotiate with us. We take her out, this whole nightmare ends." Tyler Hayward
13%
Agatha All Along Agatha All Along Ali Ahn Deceased N/A With who specializes in protection who is betrayed "When Mom died, I stopped believing everything she ever taught me. I was so angry. Part of me hoped that the Road wasn't real, so I could stay angry." Alice Wu-Gulliver
12%
Moon Knight Moon Knight Sofia Danu Deceased Ennead Council Egyptian goddess of judgement "So do I, only I don't give them the satisfaction of committing it." Ammit
12%
Deadpool & Wolverine Deadpool & Wolverine Eduardo Gago Muñoz Deceased Nova's Henchmen Mutant who looks like a demon banished to the Void N/A Azazel
12%
Deadpool & Wolverine Deadpool & Wolverine Ayesha Hussain Deceased Nova's Henchmen Mutant with Psionic abilities banished to the Void N/A Betsy Braddock (Psylocke)
12%
Deadpool & Wolverine Deadpool & Wolverine Leslie Uggams Active N/A Blind friend to the Merc with a Mouth "Want to do some cocaine?" Blind Al
12%
Loki Loki Eugene Cordero Active TVA TVA worker "Some of the guys here use them as paper weights" Casey
12%
Iron Man Iron Man 2 Leslie Bibb Active N/A News Reporter "You've been called the da Vinci of our time. What do you say to that?" Christine Everhart
12%
Captain America: The Winter Soldier Avengers: Age of Ultron Henry Goodman Deceased HYDRA HYDRA Scientist who experiments with an Infinity Stone "Let's show them what we have accomplished. Send out the twins." Dr. List
12%
Shang-Chi and the Legend of the Ten Rings Shang-Chi and the Legend of the Ten Rings Fala Chen Deceased N/A Creature that eats souls N/A Dweller-In-Darkness
12%
Captain America: The Winter Soldier The Falcon and The Winter Soldier Georges St-Pierre Deceased N/A Algerian Mercenary who swore revenge on an Avenger "Keep going, we're close! If we get to the border, he's not going to follow us." Georges Batroc (Batroc the Leaper)
12%
Guardians of the Galaxy vol. 3 Guardians of the Galaxy vol. 3 Linda Cardellini Deceased N/A Otter with robot arms "It really is great to have friends." Lyla
12%
Iron Man Iron Man Faran Tahir In Custody Ten Rings Commander of the Ten Rings who is betrayed "The bow and arrow once was the pinnacle of weapons technology. It allowed the great Genghis Khan to rule from the Pacific to the Ukraine." Raza
12%
Black Widow Secret Invasion O-T Fagbenle Active N/A Private Contractor who helped hide an Avenger on the run "I'm a private contractor." Rick Mason
12%
The Falcon and The Winter Soldier The Falcon and The Winter Soldier Adepero Oduye Active N/A Sister of an Avenger "My world doesn't matter to America, so why should I care about its mascot?" Sarah Wilson
12%
WandaVision WandaVision Fred Melamed Deceased Westview Husband of above "You know, I owe my success to being a keen judge of character. No skeletons in your closet, eh, Vision?" Todd Davis (Mr. Hart)
12%
Daredevil: Born Again Daredevil: Born Again Ayelet Zurer Active Five Families First Lady of New York City "When I first met you, I was fascinated by your strength. Your brutality so clear to me, even as you hid it from me. I wanted to observe everything you did. And as I did, I fell in love with you." Vanessa Fisk
12%
Iron Man 2 Iron Man 2 Eugene Lazarev Deceased Stark Industries Soviet Scientist who was a Stark Industries partner before being abandoned "You should know better than anyone... It's all about money." Anton Vanko
10%
Daredevil: Born Again Daredevil: Born Again Hunter Doohan Deceased N/A Serial Killer who uses blood for his art "Becoming your true self can be scary. It's like you always say, 'We can't hide from ourselves. It's only when we embrace who we are, we can truly be free.'" Bastian Cooper (Muse)
10%
Ms. Marvel Ms. Marvel Matt Lintz Active N/A Friend of a member of The Marvel's "You want to save the world? Then you're going to save the world." Bruno Carrelli
10%
Deadpool & Wolverine Deadpool & Wolverine Karan Soni Active N/A Taxi Driver "So then, he gets out of the cab, and you would not believe it. I turn around, and what do I find?" Dopinder
10%
Iron Man 3 Iron Man 3 Stéphanie Szostak Deceased A.I.M. U.S. Army Veteran Amputee who takes Extremis "Is that all you've got? A cheap trick and a cheesy one-liner?" Ellen Brandt
10%
Guardians of the Galaxy Guardians of the Galaxy Peter Serafinowicz Deceased Nova Corps Nova Corps member who sacrificed himself "What a bunch of A-Holes" Garthan Saal
10%
Agatha All Along Agatha All Along Sasheer Zamata Active N/A With who specializes in potions "I never really identified as just a witch. I'm an 11th-generation root worker and midwife." Jennifer Kale
10%
Captain America: The First Avenger Captain America: The First Avenger Kenneth Choi Unknown Howling Commandos Japanese-American member of the Howling Commandos "Guten Tag, boys. All right, nice and calm. No sudden moves, or we'll tie a blasting cap to your... Hey, Dugan, what's the German word for nuts?" Jim Morita
10%
Ms. Marvel Ms. Marvel Rish Shah Active Clandestines Clandestine who betrayed his mom "It must be a generational thing 'cause I don't understand half the things my mom's into." Kamran
10%
Shang-Chi and the Legend of the Ten Rings Shang-Chi and the Legend of the Ten Rings Andy Le Deceased Ten Rings High-Ranking member of the Ten Rings and a deadly warrior N/A Li Ching-Lin (Death Dealer)
10%
Ms. Marvel Ms. Marvel Nimra Bucha Deceased Clandestines Leader of the Clandestines "This place will never be our home." Najma
10%
She-Hulk: Attorney at Law She-Hulk: Attorney at Law Ginger Gonzaga Active N/A Attorney in the Superhuman Law Division and friend of an Avenger's cousin "It's double the sin to kill a fun person." Nikki Ramos
10%
Captain America: Brave New World Captain America: Brave New World Giancarlo Esposito In Custody SERPENT SERPENT operative Hired to steal Adamantium who was stopped by an Avenger "When I break out, Captain, you won't walk away alive." Seth Voelkner (Sidewinder)
10%
Shang-Chi and the Legend of the Ten Rings Shang-Chi and the Legend of the Ten Rings Fala Chen Deceased Ta Lo Mother of above "You have nothing to fear. You have the heart of our dragon." Ying Li
10%
Shang-Chi and the Legend of the Ten Rings Shang-Chi and the Legend of the Ten Rings Michelle Yeoh Active Ta Lo Sister of above "After losing someone like her, it's easy to feel alone in this world. But you're not." Ying Nan
10%
Deadpool & Wolverine Deadpool & Wolverine Jade Lye Deceased Nova's Henchmen Mutant with long nails banished to the Void N/A Yuriko Oyama (Lady Deathstrike)
10%
Captain Marvel Captain Marvel Algenis Perez Soto Active Kree Empire Kree stealth soldier "You never laugh." Att-Lass
8%
Captain Marvel Captain Marvel Rune Temte Active Kree Empire Kree soldier who fought an Avenger N/A Bron-Char
8%
Captain America: The First Avenger Captain America: The First Avenger Tommy Lee Jones Deceased SHIELD One of the Creators of SHIELD and Army General "You don't win wars with niceness, doctor. You win wars with guts." Chester Phillips
8%
Deadpool & Wolverine Deadpool & Wolverine Mike Waters Deceased Nova's Henchmen Big Mutant banished to the Void N/A Fred Dukes (Blob)
8%
Captain America: The First Avenger Captain America: The First Avenger Derek Luke Unknown Howling Commandos Black Member of the Howling Commandos "Who are you supposed to be?" Gabe Jones
8%
Shang-Chi and the Legend of the Ten Rings Shang-Chi and the Legend of the Ten Rings Yuen Wah Deceased Ta Lo Elder of Ta Lo "The sins of your past would have destroyed this place." Guang Bo
8%
Captain America: The Winter Soldier Captain America: The Winter Soldier Callan Mulvey Active HYDRA Member of STRIKE and HYDRA who is tasked with capturing an Avenger "Was he wearing a parachute?" Jack Rollins
8%
Ant-Man and the Wasp: Quantumania Ant-Man and the Wasp: Quantumania Katy M. O'Brian Active Freedom Fighters Leader of the Freedom Fighters "This is our home. Let's take it back!" Jentorra
8%
Eternals Eternals Harish Patel Active N/A Assistant to the Actor Eternal "Life affords no greater duty than to protect one's family." Karun Patel
8%
The Incredible Hulk The Incredible Hulk Ty Burrell Active N/A Lover of an Avenger's ex who he called the Army on. "I confess as a man, as Betty's lover, that I've always hoped you were dead." Leonard Samson
8%
Black Panther Black Panther Nabiyeh Be Deceased N/A Lover of a Supervillain who took over Wakanda "I'm sorry. Sorry, Erik..." Linda
8%
Ms. Marvel The Marvels Zenobia Shroff Active N/A Mother to a member of The Marvels "Listen to me. You are chosen for a greater purpose, okay? So, of course you must go now. But I will never let you go. You understand that, right?" Muneeba Khan
8%
The Falcon and The Winter Soldier The Falcon and The Winter Soldier Noah Mills Deceased Flag Smashers Flag Smasher murdered with an Avenger's shield "Today's heroes don't have the luxury of keeping their hands clean. What we're doing will outlive the legacy of that shield." Nico
8%
Doctor Strange Doctor Strange in the Multiverse of Madness Michael Stuhlbarg Active N/A Doctor and Rival of an Avenger "Now's not the time for showing off, Strange!" Nicodemus West
8%
Ant-Man and the Wasp: Quantumania Ant-Man and the Wasp: Quantumania William Jackson Harper Active Freedom Fighters Mind Reading member of the Freedom Fighters "Yeah, and I really wish I couldn’t. Everyone is disgusting." Quaz
8%
Guardians of the Galaxy Guardians of the Galaxy John C. Reilly Active Nova Corps Denarian of the Nova Corps "They call themselves 'The Guardians of the Galaxy.'" Rhomann Dey
8%
Captain America: Brave New World Captain America: Brave New World Shira Haas Active U.S. Ex-Assassin and advisor to a former President "None of us have to be defined by our past." Ruth Bat-Seraph
8%
Ant-Man and the Wasp: Quantumania Ant-Man and the Wasp: Quantumania David Dastmalchian Active Freedom Fighters Amoeba member of the Freedom Fighters "I have holes!" Veb
8%
Hawkeye Hawkeye Simon Callow Deceased N/A Father of the Vigilante who uses a sword "I've reached my breaking point with your fiancée. Things are about to get very ugly." Armand Duquesne III
7%
Daredevil: Born Again Daredevil: Born Again Genneya Walton Active N/A Journalist in New York City "My uncle used to say that we should speak truth to power." BB Urich
7%
Deadpool & Wolverine Deadpool & Wolverine Chloe Kibble Deceased Nova's Henchmen Mutant with speed abilities banished to the Void N/A Callisto
7%
She-Hulk: Attorney at Law She-Hulk: Attorney at Law Nick Gomez Active Wrecking Crew Leader of the Wrecking Crew with a magic Crowbar "I didn't need a magic crowbar to give me a false sense of power. All it did was make me and my boys act like idiots." Dirk Garthwaite (Wrecker)
7%
She-Hulk: Attorney at Law She-Hulk: Attorney at Law Justin Eaton Active Wrecking Crew Wrecking Crew Member who uses a magic wrecking ball "No. Once she turned into She-Hulk, I couldn't pierce that nasty green skin." Elliot Franklin (Thunderball)
7%
Daredevil: Born Again Daredevil: Born Again Margarita Levieva Active Commissioner of Mental Health Therapist in New York City "Mental health is knowing exactly when and how to act out. Trust me, I'm a professional." Heather Glenn
7%
She-Hulk: Attorney at Law She-Hulk: Attorney at Law Tennison Barry III Active Wrecking Crew Wrecking Crew Member who uses a magic helmet "I got her. Come on, guys. I got her!" Henry Camp (Bulldozer)
7%
Captain America: The First Avenger Captain America: The First Avenger Bruno Ricci Unknown Howling Commandos French member of the Howling Commandos "My people were resisting the Nazi occupiers in Marseille." Jacques Dernier
7%
Captain America: The First Avenger Captain America: The First Avenger JJ Feild Unknown Howling Commandos British member of the Howling Commandos "I am... what is left of His Majesty's 3rd Independent Parachute Brigade." James Montgomery Falsworth
7%
Moon Knight Moon Knight Khalid Abdalla Active Ennead Council Egyptian God who banished the Goddess of Judgement and the God of the Moon "He has committed no offense. This matter is concluded." Osiris
7%
Deadpool & Wolverine Deadpool & Wolverine Rob Delaney Active X-Force Every Merc with a Mouth has one "No! Actually, this one is homegrown. Like me. He belongs here." Peter Wisdom
7%
The Incredible Hulk The Incredible Hulk Adrian Hein Deceased Strategic Operations Command Center Strategic Operations Command Center Operative who dies ambushing a big green monster N/A Samuel LaRoquette
7%
She-Hulk: Attorney at Law She-Hulk: Attorney at Law Jon Bass In Custody N/A Chronically online incel who wishes he had an Avenger's power "Here's where I'm at. Superpowers should go to the best person for the job." Todd Phelps (HulkKing)
7%
Moon Knight Moon Knight Fernanda Andrade Deceased N/A Mother of a Vigilante with D.I.D. "This is all your fault!" Wendy Spector
7%
Ms. Marvel Daredevil: Born Again Mohan Kapur Active N/A Husband of above who works for a bank "Look, I understand that she’s an important figure and all that but you don’t have to do as she says." Yusuf Khan
7%
Iron Man Iron Man Sayed Badreya Unknown Ten Rings Member of the Ten Rings thrown to the people he helped oppress "He's all yours." Abu Bakaar
5%
Daredevil: Born Again Daredevil: Born Again Camila Rodriguez Inactive N/A Niece of a New York City Vigilante "Asshole cops were dirty. You got him out of jail. They put a bullet through his head. You don't gotta be good at math to put one and one together, you know?" Angela Del Toro
5%
She-Hulk: Attorney at Law She-Hulk: Attorney at Law Josh Segarra Active N/A Attorney in the Superhuman Law Division "I brought you guys a welcome basket. It's got some office supplies. Snacks. And a map to the best bathroom for pooping." Augustus Pugliese
5%
She-Hulk: Attorney at Law She-Hulk: Attorney at Law Kyle Murillo Active Wrecking Crew Member of the Wrecking Crew with magic gauntlets N/A Brian Calusky (Piledriver)
5%
Daredevil: Born Again Daredevil: Born Again Arty Froushan Active N/A Fixer for the New York City Mayor "I don't work for the mayor. I work for the man." Buck Cashman
5%
Daredevil: Born Again Daredevil: Born Again Clark Johnson Active Murdock & McDuffie Former NYPD Detective "An NYPD cop is dead, and anytime that happens, a big machine gets turned on to try and figure out what went wrong, and to punish whoever killed the cop." Cherry
5%
Agatha All Along Agatha All Along Bethany Curry Deceased Salem Seven Member of the Salem Seven who could turn into a crow N/A Crow
5%
Daredevil: Born Again Daredevil: Born Again Michael Gandolfini Active N/A Member of the New York City Mayoral staff and the Deputy Mayor for Communications "Straight up? 'Cause you get shit done. You made things happen for yourself, now you'll make things happen for New York." Daniel Blake
5%
Hawkeye Hawkeye Brian d'Arcy James Deceased N/A Father of an Avenger's protege who was killed in the Battle of New York "Some people forget the one thing they can control, the choices they make in the face of it." Derek Bishop
5%
Moon Knight Moon Knight Rey Lucas Active N/A Father of a Vigilante with D.I.D. "I cannot lose another son. Please." Elias Spector
5%
Iron Man 3 Iron Man 3 James Badge Dale Deceased A.I.M. Former U.S. Army Lieutenant who took Extremis "He's not here. Try the jet stream, speaking of which, go fish!" Eric Savin
5%
Agatha All Along Agatha All Along Athena Perample Deceased Salem Seven Member of the Salem Seven who could turn into a fox N/A Fox
5%
Daredevil: Born Again Daredevil: Born Again Susan Varon Active N/A Owner of a bar in Hell's Kitchen "May you always remember to forget the things that make you sad but never forget to remember the things that make you glad." Josie
5%
Doctor Strange Doctor Strange Scott Adkins Deceased Zealots Zealot follower of the dark dimension's ruler N/A Lucian Aster
5%
Thunderbolts* Thunderbolts* Geraldine Viswanathan Active CIA Assistant to the CIA Director "Can't I be both?" Mel Gold
5%
Captain America: Civil War Captain America: Civil War Alfre Woodward Active CIA CIA Operative whose son died in Sokovia "You think you fight for us? You just fight for yourself. Who's going to avenge my son, Stark? He's dead. And I blame you." Miriam Sharpe
5%
Ant-Man Ant-Man Martin Donovan Active HYDRA HYDRA Operative who tried to buy a shrinking suit "Yes! Our scientists haven't come close to replicating his work." Mitchell Carson
5%
Agatha All Along Agatha All Along Britta Grant Deceased Salem Seven Member of the Salem Seven who could turn into a rat N/A Rat
5%
Spider-Man: No Way Home Ms. Marvel Alysia Reiner Inactive N/A Agent of the Department of Damage Control "Agent, actually. Department of Damage Control." Sadie Deever
5%
Deadpool & Wolverine Deadpool & Wolverine Morena Baccarin Active N/A Former Lover to the Merc with a Mouth "Your crazy matches my crazy." Vanessa Carlysle
5%
Secret Invasion Secret Invasion Charlayne Woodard Active Skrull Resistance Skrull who became the director of SHIELD's wife "I know who I am when you're not here. It's when you come back that I start to wonder... Did you fall in love with me? Or the face that puts you at ease?" Varra
5%
Daredevil: Born Again Daredevil: Born Again Ruibo Qian Active NYPD Detective in the NYPD "Way I see it, the vigilantes are just like us. Some are stand-up human beings worthy of the gig, others are just power-tripping assholes." Angie Kim
3%
Captain America: Brave New World Captain America: Brave New World Jóhannes Haukur Jóhannesson In Custody SERPENT SERPENT operative Hired to steal Adamantium who was stopped by an Avenger "I will add your star to my collection." Davis Lawfers (Copperhead)
3%
Captain America: Brave New World Captain America: Brave New World William Mark McCullough Deceased U.S. Navy Navy Seal who helps an Avenger N/A Dennis Dunphy
3%
The Falcon and The Winter Soldier The Falcon and The Winter Soldier Desmond Chiam Deceased Flag Smashers Flag Smasher murdered in a car bombing "So, we just have the one fight ahead of us then? I'll take those odds." Dovich
3%
Echo Echo Chaske Spencer Active N/A Father of a deaf mafia member "I won't bring a war here. To the people I love and who love you." Henry Lopez
3%
Guardians of the Galaxy vol. 3 Guardians of the Galaxy vol. 3 Nathan Fillion Active Orgocorp Orgosentry who hates his subordinate "Your friend's a moron. I got one of those, too." Karja
3%
Daredevil: Born Again Daredevil: Born Again Nikki M. James Active Murdock & McDuffie Former District Attorney in New York City and business partner to a blind lawyer "We're a team here, and hiding things from one another isn't gonna get us anywhere. I trust you, and I trust Matt. Be nice if that was a two-way street." Kirsten McDuffie
3%
Captain America: Brave New World Captain America: Brave New World Xosha Roquemore Active U.S. Head of Security to a former President N/A Leila Taylor
3%
Daredevil: Born Again Daredevil: Born Again Patrick Murney Deceased Five Families Criminal and head of one of the Five Crime Families who is killed by the Mayor of New York "You're out of the game, old man. Stay out of it." Luca
3%
Ms. Marvel Ms. Marvel Yasmeen Fletcher Active N/A Friend of a member of The Marvel's who advocates for diversity "So, when I first put this on, I was hoping to shut some people up, but I kinda realized I don't really need to prove anything to anybody." Nakia Bahadir
3%
Agatha All Along Agatha All Along Alicia Vela-Bailey Deceased Salem Seven Member of the Salem Seven who could turn into a owl N/A Owl
3%
Daredevil: Born Again Daredevil: Born Again Michael Gaston Deceased NYPD Former Commissioner for the NYPD "I see right through you, Fisk. You... You're not a mayor who loves his city. You're a whiny kid who wants everyone to love him, a monster trying to rewrite his legacy." Phil Gallo
3%
Deadpool & Wolverine Deadpool & Wolverine Jessica Walker Deceased Nova's Henchmen Mutant with shockwave abilities banished to the Void N/A Philippa Sontag (Arclight)
3%
Daredevil: Born Again Daredevil: Born Again Zabryna Guevara Active N/A Assistant and Politcal Advisor to the New York City Mayor "I was here before you and before Fisk, and I will be here long after you're both gone." Sheila Rivera
3%
Agatha All Along Agatha All Along Marina Mazepa Deceased Salem Seven Member of the Salem Seven who could turn into a snake N/A Snake
3%
Guardians of the Galaxy vol. 3 Guardians of the Galaxy vol. 3 Nico Santos Deceased Orgocorp Recorder who is killed by the Guardians to save a Guardian "It was so obviously a trap!" Theel
3%
Agatha All Along Agatha All Along Okwui Okpokwasili Deceased Salem Seven Leader of the Salem Seven N/A Vertigo
3%
Guardians of the Galaxy vol. 3 Guardians of the Galaxy vol. 3 Reinaldo Faberlle Deceased N/A Bionically reengineered enforcer "A dog?" Behemoth
2%
Echo Echo Tantoo Cardinal Active N/A Estranged Grandmother to a deaf mafia member "There’s nothing too broke to fix. If you want it bad enough, don’t throw it away." Chula Battiest
2%
Daredevil: Born Again Daredevil: Born Again Jeremy Isaiah Earl Unknown Anti-Vigilante Task Force Member of the Anti-Vigilante Task Force who killed a Vigilante in New York "There's a lotta shitbags in the world, sir. Now there's a lot less of 'em." Cole North
2%
Daredevil: Born Again Daredevil: Born Again Hamish Allan-Headley Active Anti-Vigilante Task Force Corrupt Police Officer and Member of the Anti-Vigilante Task Force "You can't see this badge, Counselor, 'cause you're fuckin' blind, but my grandfather wore this badge, my father wore this badge, my brother wears this badge, four of my fuckin' cousins wear this badge, they're all knuckleheads, but they're good cops. So I wear this fucking badge with honor, Counselor." Connor Powell
2%
Agatha All Along Agatha All Along Chau Naumova Deceased Salem Seven Member of the Salem Seven who could turn into a coyote N/A Coyote
2%
The Falcon and The Winter Soldier The Falcon and The Winter Soldier Dani Deetté Deceased Flag Smashers Flag Smasher murdered in a car bombing N/A Gigi
2%
Black Widow Black Widow Nanna Blondell Deceased Red Room Assassin who is forced to terminate herself "I don't want to do this. He's making me." Ingrid
2%
Hawkeye Hawkeye Aleks Paunovic Unknown Tracksuit Mafia Member of the Tracksuit mafia who had the ceiling collapsed on him "Bro, I found her." Ivan Banionis
2%
Iron Man 3 Iron Man 3 Ashley Hamilton Deceased A.I.M. Former U.S. Army Soldier who becomes a walking bomb because of Extremis "Yes, I can regulate." Jack Taggart
2%
The Incredible Hulk The Incredible Hulk Christina Cabot Active U.S. Army Officer of the U.S. Army who assists in hunting down an Avenger "I'd just be staring out the window wondering who was screwing it up in my place." Kathleen Sparr
2%
Black Widow Black Widow Liani Samuel Active Red Room Assassin and caretaker of a brainwashed Assassin "Smile." Lerato
2%
Black Panther Black Panther David S. Lee Deceased N/A Member of a smuggler's crew N/A Limbani
2%
Guardians of the Galaxy vol. 2 Guardians of the Galaxy vol. 2 Terence Rosemore Deceased Ravagers Black Ravager Mutineer N/A Narblik
2%
Black Widow Black Widow Michelle Lee Deceased Red Room Rebelling Assassin who was hunted down by the other Assassins "Free the others." Oksana
2%
Captain Marvel Captain Marvel Chuku Modu Unknown Kree Empire Kidnapped Kree Soldier N/A Soh-Larr
2%
Daredevil: Born Again Daredevil: Born Again Ashley Marie Ortiz Active N/A Wife of a Vigilante in New York City "When you first come together, everything feels wide open. Anything's possible. Little by little, that fades. Things changed." Soledad Ayala
2%
Black Widow Black Widow Olivier Richters Unknown N/A Prisoner in a Siberian prison "Captain America was still frozen in ice then." Ursa Major
2%
Captain America: Civil War Captain America: Civil War Gene Farber Deceased HYDRA Former member of the Soviet Armed Forces who helped brainwash an assassin "Hail HYDRA." Vasily Karpov
2%
Guardians of the Galaxy vol. 3 Guardians of the Galaxy vol. 3 Miriam Shor Deceased Orgocorp Recorder who betrays her boss "Controller, I am taking command of the Arête. Disengage all damaged sectors of the ship, and retreat." Vim
2%
Guardians of the Galaxy vol. 3 Guardians of the Galaxy vol. 3 Judy Greer Deceased N/A Bionically reengineered enforcer "I got 89P13, and I'm on my way." Warpig
2%
Black Widow Shang-Chi and the Legend of the Ten Rings Shaina West Active Red Room Assassin who is freed by an Avenger N/A Agnesa
0%
Iron Man Iron Man Ahmed Ahmed Deceased Ten Rings Ten Rings operative who helped recover the first iron suit of an Avenger N/A Ahmed
0%
Ant-Man and the Wasp Ant-Man and the Wasp Goran Kostić In Custody N/A Henchman "And we have killed many, many people." Anitolov
0%
Guardians of the Galaxy vol. 2 Guardians of the Galaxy vol. 2 Stephen Blackehart Deceased Ravagers Ravager Mutineer with a weird face "Ain't so tough now without your toys, are ya?" Brahl
0%
The Incredible Hulk The Incredible Hulk Greg Byrk Deceased U.S. Army U.S. Army Soldier who is first to come across a big green monster "Anybody seeing this?" Craig Saunders, Jr.
0%
Daredevil: Born Again Daredevil: Born Again Cillian O'Sullivan In Custody Five Families Irish Right-Hand man of above "I confess. I'm disappointed, Detective. You recognized the accent, but you don't seem to know jack shite about the significance of St. Paddy's Day for a Protestant, do you?" Devlin
0%
Captain America: The Winter Soldier Captain America: The Winter Soldier Adetokumboh M'Cormack In Custody N/A Mercenary and Pirate who works with above N/A Ferdinand Lopez
0%
Guardians of the Galaxy vol. 2 Guardians of the Galaxy vol. 2 Steve Agee Deceased Ravagers Ravager Mutineer with a funny beard and goggles "Hey, what about this little plant, can I smash it with a rock?" Gef
0%
Thor Thor Joseph Gatt Deceased Frost Giants Frost Giant soldier N/A Grundroth
0%
Thor Thor Joshua Cox Deceased Frost Giants Frost Giant Brute "Run back home, little princess." Hailstrum
0%
Guardians of the Galaxy vol. 2 Guardians of the Galaxy vol. 2 Jimmy Urine Deceased Ravagers Ravager Mutineer with an absurdly funny name N/A Halfnut
0%
Guardians of the Galaxy vol. 2 Guardians of the Galaxy vol. 2 Blondy Baruti Deceased Ravagers Ravager Mutineer with a weird head N/A Huhtar
0%
Captain America: The First Avenger Captain America: The First Avenger Jan Pohl Deceased Nazi Germany Nazi Solider who examines HYDRA's facilities and finds out they're being betrayed "You will be punished for your insolence! You will be brought before the Führer himself!" Hutter
0%
The Incredible Hulk The Incredible Hulk Peter Mensah Active U.S. Army High-Ranking U.S. Army Official who assists above "You told me you were going to Brazil to nab a scientist. Are you telling me another one of your super soldier experiments have gone haywire?" Joe Greller
0%
The Incredible Hulk The Incredible Hulk Alan Vrkljan Deceased Strategic Operations Command Center Strategic Operations Command Center Operative who dies ambushing a big green monster N/A John Armbruster
0%
Ant-Man and the Wasp Ant-Man and the Wasp Rob Archer Active N/A Muscle henchmen N/A Knox
0%
Iron Man Iron Man Fahim Fazli Deceased Ten Rings Ten Rings operative who imprisoned an Avenger N/A Omar
0%
Thor Thor Luke Massy Deceased Frost Giants Frost Giant soldier N/A Raze
0%
Guardians of the Galaxy vol. 2 Guardians of the Galaxy vol. 2 Evan Jones Deceased Ravagers Ravager Mutineer who taunts a twig before being killed by him N/A Retch
0%
Captain America: The First Avenger Captain America: The First Avenger Anatole Taubman Deceased Nazi Germany Nazi Soldier who examines HYDRA's facilities "Your HYDRA division has failed to deliver so much as a rifle in over a year. And we had learned through local intelligence you had mounted a full-scale incursion into Norway." Roeder
0%
Captain America: The Winter Soldier Captain America: The Winter Soldier Jon Sklaroff Deceased N/A Covert HYDRA Operative who operates a Helicarrier "Deploy algorithm." Russo
0%
Captain America: The First Avenger Captain America: The First Avenger Erich Redman Deceased Nazi Germany High-Ranking Nazi Official who examines HYDRA's facilities on the direct order of Hitler "The Führer feels... How does he put it? The Red Skull has been indulged long enough!" Schneider
0%
The Incredible Hulk The Incredible Hulk Pedro Salvin Deceased N/A Employee at a bottling factory who bullies an Avenger "You bad angry, G? I very bad angry!" Silva
0%
Captain America: The First Avenger Captain America: The First Avenger Patrick Monckeberg Deceased Nazi Germany Manager of a HYDRA weapons facility "We fought to the last man." Velt
0%
No matching quizzes found
Score Distribution
Percent of People with Each Score
Percentile by Number Answered
Your Score History
You have not taken this quiz